Chemistry and Testing of Dairy Products / (Record no. 14610)
[ view plain ]
| 000 -LEADER | |
|---|---|
| fixed length control field | 01056cam a2200277 i 4500 |
| 001 - CONTROL NUMBER | |
| control field | 831254 |
| 005 - DATE AND TIME OF LATEST TRANSACTION | |
| control field | 19900321124900.5 |
| 008 - FIXED-LENGTH DATA ELEMENTS--GENERAL INFORMATION | |
| fixed length control field | 770909s1977 iia |rb 001 0 eng |
| 010 ## - LIBRARY OF CONGRESS CONTROL NUMBER | |
| LC control number | 77013365 |
| 020 ## - INTERNATIONAL STANDARD BOOK NUMBER | |
| International Standard Book Number | 8123909799 |
| 040 ## - CATALOGING SOURCE | |
| Original cataloging agency | DLC |
| Transcribing agency | DLC |
| Modifying agency | DLC |
| 050 00 - LIBRARY OF CONGRESS CALL NUMBER | |
| Classification number | SF253 |
| Item number | .N38 1977 |
| 082 00 - DEWEY DECIMAL CLASSIFICATION NUMBER | |
| Classification number | 637.028 |
| Item number | ATH |
| 100 1# - MAIN ENTRY--PERSONAL NAME | |
| Personal name | Atherton, Henry V. |
| 9 (RLIN) | 17073 |
| 245 10 - TITLE STATEMENT | |
| Title | Chemistry and Testing of Dairy Products / |
| Statement of responsibility, etc | Henry V. Atherton, J. A. Newlander. |
| 250 ## - EDITION STATEMENT | |
| Edition statement | 4th ed. |
| 260 ## - PUBLICATION, DISTRIBUTION, ETC. (IMPRINT) | |
| Place of publication, distribution, etc | New Delhi: |
| Name of publisher, distributor, etc | CBS Publishers, |
| Date of publication, distribution, etc | c1977. |
| 300 ## - PHYSICAL DESCRIPTION | |
| Extent | ix, 396 p. : |
| Other physical details | ill. ; |
| Dimensions | 23 cm. |
| 504 ## - BIBLIOGRAPHY, ETC. NOTE | |
| Bibliography, etc | Includes bibliographical references and index. |
| 650 #0 - SUBJECT ADDED ENTRY--TOPICAL TERM | |
| Topical term or geographic name as entry element | Dairy products |
| General subdivision | Testing. |
| 9 (RLIN) | 17074 |
| 650 #0 - SUBJECT ADDED ENTRY--TOPICAL TERM | |
| Topical term or geographic name as entry element | Dairy products |
| General subdivision | Analysis |
| 9 (RLIN) | 17144 |
| 700 1# - ADDED ENTRY--PERSONAL NAME | |
| Personal name | Newlander, John Alvin, |
| Dates associated with a name | 1891- |
| Relator term | joint author. |
| 9 (RLIN) | 17075 |
| 700 1# - ADDED ENTRY--PERSONAL NAME | |
| Personal name | Newlander, John Alvin, |
| Dates associated with a name | 1891- |
| 9 (RLIN) | 17076 |
| 942 ## - ADDED ENTRY ELEMENTS (KOHA) | |
| Source of classification or shelving scheme | Dewey Decimal Classification |
| Item type | Book - Borrowing |
| Withdrawn status | Item status | Source of classification or shelving scheme | Damaged status | Not for loan | Vendor | Home library | Current library | Shelving location | Date acquired | Source of acquisition | Cost, normal purchase price | Serial Enumeration / chronology | Total Checkouts | Full call number | Barcode | Date last seen | Koha item type |
|---|---|---|---|---|---|---|---|---|---|---|---|---|---|---|---|---|---|
| Dewey Decimal Classification | Alahram | Central Library | Central Library | First floor | 04/08/2010 | 54.00 | 0200000690062000 | 637.028 ATH | 000021622 | 15/07/2025 | Book - Borrowing |